00675nam a2200181Ia 4500001001000000003000500010008004100015010001100056040000900067100003500076245014300111260003400254300001000288502010200298650002800400650001600428710004900444Para_5751CHAP220125s1971 xx 000 0 und d a204246 cCHAP aChapa Elizondo, Gerardo Sergio aComportamiento de colecciones de maíz al ataque de cenicilla por Sclerospora en Río Bravo, Tamp. /c por Gerardo Sergio Chapa Elizondo aChapingo, Méx. :b el autor a62 h. aTesis (Ing. Agr. Esp. en Parasitología Agrícola) ENA. Departamento Parasitología Agrícola aMaíz x enfermedades  aSclerospora aENA. Departamento Parasitología Agrícola